[Event "Voronezh op-B 23rd"]
[Site "Voronezh"]
[Date "2019.06.18"]
[Round "7"]
[White "Brineva, Elena G"]
[Black "Strukov, Dmitry"]
[Result "1-0"]
[WhiteElo "1812"]
[BlackElo "1660"]
[PlyCount "75"]
[EventDate "2019.06.12"]
[EventType "swiss"]
[EventRounds "9"]
[EventCountry "RUS"]
[SourceTitle "EXT 2020"]
[Source "ChessBase"]
[SourceDate "2019.10.17"]
[SourceVersion "1"]
[SourceVersionDate "2019.10.17"]
[SourceQuality "1"]

1. c4 Nf6 2. Nc3 g6 3. g3 Bg7 4. d4 0-0 5. e4 d6 6. Bg2 e5 7. d5 Na6 8. Nge2 c6 9. dxc6 bxc6 10. 0-0 Nc7 11. b3 Bg4 12. h3 Be6 13. Ba3 Nce8 14. Qd2 Qd7 15. Kh2 Nh5 16. Rad1 Rd8 17. Qc1 Qe7 18. f4 exf4 19. gxf4 Qh4 20. e5 Bg4 21. Rd3 Bf5 22. Re3 Bh6 23. Ref3 dxe5 24. Bxf8 Bxf8 25. fxe5 Bg7 26. Qe3 Rd3 27. Qf2 Bxe5+ 28. Kh1 Ng3+ 29. Nxg3 Bxg3 30. Qe2 Qd8 31. Rxd3 Bxd3 32. Rd1 Bb8 33. Rxd3 Qc7 34. Qxe8+ Kg7 35. Kg1 Qh2+ 36. Kf1 Qf4+ 37. Rf3 Qc1+ 38. Qe1 1-0

[Event "Voronezh op-B 23rd"]
[Site "Voronezh"]
[Date "2019.06.17"]
[Round "6"]
[White "Denishev, Marat"]
[Black "Brineva, Elena G"]
[Result "1-0"]
[WhiteElo "2196"]
[BlackElo "1812"]
[PlyCount "127"]
[EventDate "2019.06.12"]
[EventType "swiss"]
[EventRounds "9"]
[EventCountry "RUS"]
[SourceTitle "EXT 2020"]
[Source "ChessBase"]
[SourceDate "2019.10.17"]
[SourceVersion "1"]
[SourceVersionDate "2019.10.17"]
[SourceQuality "1"]

1. d4 d5 2. c4 e6 3. Nf3 Be7 4. Nc3 Nf6 5. Bf4 0-0 6. e3 b6 7. Bd3 Bb7 8. 0-0 dxc4 9. Bxc4 c5 10. Qe2 cxd4 11. exd4 Nc6 12. Rad1 Nb4 13. Be5 Nbd5 14. Bd3 Rc8 15. Ne4 Nb4 16. Bxf6 Bxf6 17. Bb1 Ba6 18. Nxf6+ Qxf6 19. Qe4 g6 20. Rfe1 Rfd8 21. Ne5 Nd5 22. Qg4 Qg7 23. h4 h5 24. Qg3 Bb7 25. Nxg6 fxg6 26. Rxe6 Rc6 27. Rde1 Rxe6 28. Rxe6 Nf6 29. Qg5 Kf7 30. Qe5 Re8 31. d5 Bc8 32. Qc7+ Bd7 33. Qxa7 Kf8 34. Rxe8+ Bxe8 35. Qxb6 Qe7 36. Qe3 Qxe3 37. fxe3 Nxd5 38. Kf2 Ke7 39. e4 Nf6 40. Ke3 Ng4+ 41. Kf4 Nf2 42. Bc2 Ng4 43. e5 Ke6 44. Bb3+ Ke7 45. Bc4 Bc6 46. g3 Nf2 47. b4 Nd1 48. b5 Bb7 49. b6 Nc3 50. Kg5 Na4 51. Kxg6 Nxb6 52. Bb3 Bf3 53. a4 Nd7 54. Kf5 Bg4+ 55. Kf4 Nc5 56. Bc2 Ke6 57. a5 Kd5 58. Bf5 Be2 59. Bc8 Bb5 60. Kf5 Be2 61. Kf4 Nd3+ 62. Ke3 Bf1 63. Ba6 Kxe5 64. Bxd3 1-0

[Event "Sochi ChessAmateur op"]
[Site "Sochi"]
[Date "2018.04.07"]
[Round "9"]
[White "Brineva, Elena G"]
[Black "Ostroukh, Nikolay"]
[Result "1-0"]
[WhiteElo "1826"]
[BlackElo "1617"]
[PlyCount "53"]
[EventDate "2018.04.01"]
[EventType "swiss"]
[EventRounds "9"]
[EventCountry "RUS"]
[SourceTitle "CBM 184 Extra"]
[Source "ChessBase"]
[SourceDate "2018.06.28"]
[SourceVersion "1"]
[SourceVersionDate "2018.06.28"]
[SourceQuality "1"]

1. c4 g6 2. Nc3 Bg7 3. d4 d6 4. g3 Nf6 5. Bg2 0-0 6. e4 e5 7. d5 Nbd7 8. Nge2 a5 9. 0-0 Nc5 10. b3 Ng4 11. h3 Nh6 12. Be3 b6 13. Qd2 f5 14. Bxh6 f4 15. Bxg7 Kxg7 16. gxf4 exf4 17. Nxf4 Qh4 18. Ne6+ Bxe6 19. dxe6 Nxe6 20. Ne2 g5 21. Qc3+ Kh6 22. Qg3 Qh5 23. Qg4 Qg6 24. Ng3 Ng7 25. Nf5+ Nxf5 26. exf5 Qxf5 27. Bxa8 1-0

[Event "Sochi ChessAmateur op"]
[Site "Sochi"]
[Date "2018.04.04"]
[Round "5"]
[White "Brineva, Elena G"]
[Black "Kastanieda, Alla"]
[Result "1-0"]
[WhiteElo "1826"]
[BlackElo "1415"]
[PlyCount "71"]
[EventDate "2018.04.01"]
[EventType "swiss"]
[EventRounds "9"]
[EventCountry "RUS"]
[SourceTitle "CBM 184 Extra"]
[Source "ChessBase"]
[SourceDate "2018.06.28"]
[SourceVersion "1"]
[SourceVersionDate "2018.06.28"]
[SourceQuality "1"]

1. c4 e5 2. Nc3 Bb4 3. Qc2 Nf6 4. a3 Bxc3 5. Qxc3 d6 6. d3 0-0 7. g3 Re8 8. e4 c5 9. Bg2 Nc6 10. Nf3 Bg4 11. 0-0 Bxf3 12. Bxf3 Nd4 13. Bd1 Qd7 14. Kg2 h6 15. b4 b5 16. Be3 Rec8 17. cxb5 Qxb5 18. bxc5 dxc5 19. f4 exf4 20. Bxf4 Rd8 21. Bxh6 Nxe4 22. dxe4 gxh6 23. Bh5 Rf8 24. Rf6 Kg7 25. Raf1 Qb3 26. Qxc5 Qc2+ 27. Qxc2 Nxc2 28. Rxf7+ Kg8 29. Rxf8+ Rxf8 30. Rxf8+ Kxf8 31. a4 Ne1+ 32. Kf1 Nd3 33. Bd1 a5 34. Ke2 Ne5 35. Ke3 Ke7 36. Kd4 1-0

[Event "Sochi ChessAmateur op"]
[Site "Sochi"]
[Date "2018.04.04"]
[Round "6"]
[White "Fedotov, Alexey"]
[Black "Brineva, Elena G"]
[Result "1-0"]
[WhiteElo "2158"]
[BlackElo "1826"]
[PlyCount "59"]
[EventDate "2018.04.01"]
[EventType "swiss"]
[EventRounds "9"]
[EventCountry "RUS"]
[SourceTitle "CBM 184 Extra"]
[Source "ChessBase"]
[SourceDate "2018.06.28"]
[SourceVersion "1"]
[SourceVersionDate "2018.06.28"]
[SourceQuality "1"]

1. d4 d5 2. c4 e6 3. Nc3 Be7 4. cxd5 exd5 5. Bf4 c6 6. e3 Nf6 7. Bd3 0-0 8. h3 Nbd7 9. Nf3 Re8 10. 0-0 Nf8 11. Qc2 Nh5 12. Bh2 Bd6 13. Bxd6 Qxd6 14. Ne5 g6 15. Rae1 f5 16. g4 fxg4 17. hxg4 Nf6 18. f3 N6d7 19. f4 Nxe5 20. dxe5 Qe6 21. Be2 Qe7 22. g5 Qe6 23. Ne4 Qh3 24. Nf6+ Kf7 25. Bf3 Bf5 26. Qf2 Be6 27. Bg2 Qf5 28. e4 dxe4 29. Bxe4 Qh3 30. Re3 1-0

[Event "Sochi ChessAmateur op"]
[Site "Sochi"]
[Date "2018.04.01"]
[Round "1"]
[White "Brineva, Elena G"]
[Black "Velikanov, Igor"]
[Result "1/2-1/2"]
[WhiteElo "1826"]
[BlackElo "2231"]
[PlyCount "49"]
[EventDate "2018.04.01"]
[EventType "swiss"]
[EventRounds "9"]
[EventCountry "RUS"]
[SourceTitle "CBM 184 Extra"]
[Source "ChessBase"]
[SourceDate "2018.06.28"]
[SourceVersion "1"]
[SourceVersionDate "2018.06.28"]
[SourceQuality "1"]

1. c4 c5 2. Nc3 Nf6 3. g3 g6 4. Bg2 Bg7 5. e3 0-0 6. Nge2 Nc6 7. 0-0 d6 8. d4 cxd4 9. Nxd4 Bd7 10. Nce2 Qc8 11. b3 Bh3 12. Bb2 Bxg2 13. Kxg2 Rd8 14. Qc1 Qc7 15. Nxc6 Qxc6+ 16. f3 Rac8 17. e4 a6 18. Nd4 Qc5 19. Rd1 h5 20. h4 Kh7 21. Qd2 Bh6 22. Qf2 Qa5 23. Bc1 Bg7 24. Bd2 Qc7 25. Rac1 1/2-1/2

[Event "Saratov Regional-ch"]
[Site "Saratov"]
[Date "2014.12.09"]
[Round "4"]
[White "Brineva, Elena G"]
[Black "Vdovin, Sergey Anatolievich"]
[Result "0-1"]
[WhiteElo "1910"]
[BlackElo "1792"]
[PlyCount "80"]
[EventDate "2014.12.06"]
[EventType "swiss"]
[EventRounds "9"]
[EventCountry "RUS"]
[SourceTitle "CBM 164 Extra"]
[Source "ChessBase"]
[SourceDate "2015.03.02"]
[SourceVersion "1"]
[SourceVersionDate "2015.03.02"]
[SourceQuality "1"]

1. c4 e5 2. Nc3 Nf6 3. g3 d5 4. cxd5 Nxd5 5. Bg2 Nb6 6. Nf3 Nc6 7. 0-0 Be7 8. d3 g5 9. b3 g4 10. Nd2 h5 11. Bb2 h4 12. Nc4 hxg3 13. Bxc6+ bxc6 14. hxg3 Bd6 15. Kg2 Rh3 16. Rh1 Be6 17. Rxh3 gxh3+ 18. Kh2 Qe7 19. Na5 Kd7 20. Qc2 c5 21. Rc1 f5 22. Nb5 Qf7 23. Nb7 f4 24. Nxc5+ Ke7 25. Ne4 fxg3+ 26. fxg3 Rc8 27. Nxa7 Rg8 28. Nc6+ Ke8 29. Nxe5 Qf5 30. Nf3 Nd5 31. Qc6+ Ke7 32. Nxd6 cxd6 33. Ba3 Rd8 34. Rc4 Ne3 35. Qc7+ Rd7 36. Bxd6+ Ke8 37. Rc5 Ng4+ 38. Kh1 Rxc7 39. Rxf5 Rc1+ 40. Ng1 Bxf5 0-1

[Event "Saratov Regional-ch"]
[Site "Saratov"]
[Date "2014.12.08"]
[Round "3"]
[White "Sudnik, Pavel"]
[Black "Brineva, Elena G"]
[Result "1-0"]
[WhiteElo "2032"]
[BlackElo "1910"]
[PlyCount "45"]
[EventDate "2014.12.06"]
[EventType "swiss"]
[EventRounds "9"]
[EventCountry "RUS"]
[SourceTitle "CBM 164 Extra"]
[Source "ChessBase"]
[SourceDate "2015.03.02"]
[SourceVersion "1"]
[SourceVersionDate "2015.03.02"]
[SourceQuality "1"]

1. e4 c5 2. Nc3 Nc6 3. d3 d6 4. Be3 Nf6 5. h3 e6 6. g4 Be7 7. Bg2 a6 8. f4 Qc7 9. Nf3 b5 10. 0-0 b4 11. Ne2 d5 12. e5 Nd7 13. c3 Bb7 14. d4 c4 15. f5 h5 16. Nf4 hxg4 17. fxe6 gxf3 18. exf7+ Kxf7 19. Nxd5 Qb8 20. Qxf3+ Ke8 21. Nxe7 Kxe7 22. Bg5+ Nf6 23. exf6+ 1-0

[Event "Saratov Regional-ch (Women)"]
[Site "Saratov"]
[Date "2014.11.23"]
[Round "2"]
[White "Dmitrieva, Galina Vladimirovna"]
[Black "Brineva, Elena G"]
[Result "1/2-1/2"]
[WhiteElo "1575"]
[BlackElo "1930"]
[PlyCount "73"]
[EventDate "2014.11.22"]
[EventType "swiss"]
[EventRounds "9"]
[EventCountry "RUS"]
[SourceTitle "EXT 2016"]
[Source "ChessBase"]
[SourceDate "2015.10.08"]
[SourceVersion "1"]
[SourceVersionDate "2015.10.08"]
[SourceQuality "1"]

1. e4 c5 2. Nf3 e6 3. d4 cxd4 4. c3 dxc3 5. Nxc3 d6 6. Bc4 Be7 7. 0-0 Nc6 8. Bf4 Nf6 9. Qe2 0-0 10. Rfd1 a6 11. e5 Nh5 12. Be3 b5 13. Bb3 g6 14. exd6 Bf6 15. Rac1 Bd7 16. Bh6 Bg7 17. Bxg7 Nxg7 18. Ne4 Na5 19. Bc2 Nc4 20. Bb1 Rc8 21. b3 Nb6 22. Nc5 Nd5 23. Be4 Bc6 24. Bxd5 exd5 25. d7 Bxd7 26. Rxd5 Qb6 27. Qe3 Nf5 28. Qd2 Bc6 29. Rxf5 Bxf3 30. Rxf3 Rxc5 31. Re1 Rfc8 32. Qd7 Rf8 33. Qd2 Rfc8 34. Qd7 Rf8 35. Qd2 Qc7 36. Rh3 f5 37. Rhe3 1/2-1/2

[Event "Saratov Region-ch (Women)"]
[Site "Saratov"]
[Date "2013.11.29"]
[Round "5"]
[White "Brineva, Elena G"]
[Black "Fedorova, Tatiana"]
[Result "0-1"]
[WhiteElo "2072"]
[BlackElo "1874"]
[PlyCount "78"]
[EventDate "2013.11.25"]
[EventType "swiss"]
[EventRounds "7"]
[EventCountry "RUS"]
[SourceTitle "EXT 2015"]
[Source "ChessBase"]
[SourceDate "2014.11.20"]
[SourceVersion "1"]
[SourceVersionDate "2014.11.20"]
[SourceQuality "1"]

1. c4 f5 2. g3 Nf6 3. Bg2 e5 4. d3 Bc5 5. Nc3 c6 6. e3 d5 7. cxd5 cxd5 8. Qb3 d4 9. Bxb7 Bxb7 10. Qxb7 Nbd7 11. Nd5 0-0 12. Nxf6+ Nxf6 13. Qb3+ Kh8 14. Nf3 dxe3 15. Bxe3 Rb8 16. Qc2 Bxe3 17. fxe3 Qb6 18. 0-0 Qxe3+ 19. Qf2 Ng4 20. Qxe3 Nxe3 21. Rf2 e4 22. Re2 exf3 23. Rxe3 Rxb2 24. Rxf3 Rd2 25. a4 g6 26. a5 Rc8 27. Rb1 a6 28. Re3 Kg7 29. Re6 Rcc2 30. Rxa6 Rg2+ 31. Kf1 Rxh2 32. Kg1 Rhg2+ 33. Kf1 Rxg3 34. Rb7+ Kh6 35. Raa7 Rxd3 36. Rxh7+ Kg5 37. Rhe7 Rd1+ 38. Re1 Rxe1+ 39. Kxe1 Kf4 0-1

[Event "Saratov Region-ch (Women)"]
[Site "Saratov"]
[Date "2013.11.28"]
[Round "4"]
[White "Kupinskaja, Evgeny"]
[Black "Brineva, Elena G"]
[Result "0-1"]
[WhiteElo "1649"]
[BlackElo "2072"]
[PlyCount "82"]
[EventDate "2013.11.25"]
[EventType "swiss"]
[EventRounds "7"]
[EventCountry "RUS"]
[SourceTitle "EXT 2015"]
[Source "ChessBase"]
[SourceDate "2014.11.20"]
[SourceVersion "1"]
[SourceVersionDate "2014.11.20"]
[SourceQuality "1"]

1. e4 c5 2. Nf3 e6 3. d4 cxd4 4. Nxd4 Nf6 5. Nc3 d6 6. Bg5 a6 7. g3 Be7 8. Bg2 h6 9. Be3 Nbd7 10. f4 Rb8 11. b4 Qc7 12. Qd3 d5 13. exd5 Bxb4 14. Bd2 Bxc3 15. Bxc3 Nxd5 16. Bxd5 exd5 17. Qe3+ Kd8 18. 0-0 Re8 19. Qd2 Nf6 20. Nf3 Be6 21. Be5 Qc5+ 22. Bd4 Qc7 23. Rab1 Ne4 24. Qb4 b5 25. Be5 Qb6+ 26. Bd4 Qd6 27. Qa5+ Ke7 28. Bxg7 h5 29. Bd4 Rbc8 30. c3 h4 31. Rfe1 hxg3 32. hxg3 Nxg3 33. Be5 Qc5+ 34. Bd4 Qd6 35. Be5 Qc5+ 36. Kg2 Rg8 37. Nd4 Ne4+ 38. Kh1 f6 39. Qxa6 Rh8+ 40. Kg1 Rcg8+ 41. Kf1 Qc4+ 0-1

[Event "Saratov Region-ch Seniors"]
[Site "Saratov"]
[Date "2013.11.16"]
[Round "6"]
[White "Brineva, Elena G"]
[Black "Zhizduk, Vladimir"]
[Result "0-1"]
[WhiteElo "2072"]
[BlackElo "1925"]
[PlyCount "56"]
[EventDate "2013.11.11"]
[EventType "swiss"]
[EventRounds "7"]
[EventCountry "RUS"]
[SourceTitle "EXT 2015"]
[Source "ChessBase"]
[SourceDate "2014.11.20"]
[SourceVersion "1"]
[SourceVersionDate "2014.11.20"]
[SourceQuality "1"]

1. c4 e6 2. d4 d5 3. Nc3 c6 4. c5 b6 5. cxb6 axb6 6. Nf3 Ba6 7. g3 Nf6 8. Bg2 Nbd7 9. 0-0 Be7 10. Re1 0-0 11. Ne5 Nxe5 12. dxe5 Nd7 13. f4 b5 14. Be3 b4 15. Na4 Bb5 16. b3 Bxa4 17. bxa4 Qa5 18. Bf2 Qxa4 19. e4 Qxd1 20. Rexd1 Ra3 21. exd5 cxd5 22. Rdb1 Rfa8 23. Rc1 Rc3 24. Bd4 Bc5 25. Bxc5 Nxc5 26. Rxc3 bxc3 27. Rc1 Ra3 28. f5 Nd3 0-1

[Event "Saratov Region-ch Seniors"]
[Site "Saratov"]
[Date "2013.11.12"]
[Round "2"]
[White "Upolovnev, Vladimir"]
[Black "Brineva, Elena G"]
[Result "1-0"]
[WhiteElo "1876"]
[BlackElo "2072"]
[PlyCount "87"]
[EventDate "2013.11.11"]
[EventType "swiss"]
[EventRounds "7"]
[EventCountry "RUS"]
[SourceTitle "EXT 2015"]
[Source "ChessBase"]
[SourceDate "2014.11.20"]
[SourceVersion "1"]
[SourceVersionDate "2014.11.20"]
[SourceQuality "1"]

1. e4 c5 2. Nf3 e6 3. c4 d5 4. exd5 exd5 5. cxd5 Nf6 6. Nc3 a6 7. Bd3 Nxd5 8. 0-0 Be7 9. Be4 Nf6 10. d4 Nxe4 11. Nxe4 cxd4 12. Nxd4 0-0 13. Be3 Nd7 14. Qb3 Nf6 15. Nxf6+ Bxf6 16. Rfd1 Qe7 17. Rac1 Bxd4 18. Bxd4 Be6 19. Qg3 g6 20. Bc5 Qf6 21. Bxf8 Rxf8 22. Qa3 h5 23. Rc3 Rd8 24. Rxd8+ Qxd8 25. Rd3 Qc8 26. Qc3 Qxc3 27. bxc3 Bxa2 28. Rd7 Kg7 29. Rxb7 Bc4 30. Rb4 Bd3 31. f3 Kf6 32. Kf2 Ke5 33. Ke3 Bf1 34. g3 Kd5 35. Rb7 f6 36. Rb6 Ke5 37. f4+ Kf5 38. Rd6 g5 39. fxg5 fxg5 40. Rd4 Ke5 41. Rd1 Bc4 42. Ra1 Kf5 43. Kd4 Be2 44. c4 1-0

[Event "Cherkessk"]
[Site "Cherkessk"]
[Date "2007.05.??"]
[Round "3"]
[White "Brineva, Elena G"]
[Black "Alikhanov, Felix"]
[Result "0-1"]
[WhiteElo "2068"]
[BlackElo "2398"]
[PlyCount "38"]
[EventDate "2007.05.17"]
[EventType "swiss"]
[EventRounds "11"]
[EventCountry "RUS"]
[EventCategory "1"]
[SourceTitle "EXT 2008"]
[Source "ChessBase"]
[SourceDate "2007.11.25"]
[SourceVersion "1"]
[SourceVersionDate "2007.11.25"]
[SourceQuality "1"]

1. c4 Nf6 2. Nc3 e5 3. g3 c6 4. Bg2 d5 5. cxd5 cxd5 6. d3 Nc6 7. f4 d4 8. Ne4 Bb4+ 9. Bd2 Nd5 10. Bxb4 Ncxb4 11. Kf2 0-0 12. fxe5 Ne3 13. Qb3 Nbc2 14. Re1 Ng4+ 15. Kf3 Nxe5+ 16. Kf2 Ng4+ 17. Kf3 Nce3 18. h3 Be6 19. Qxb7 Bd5 0-1

[Event "Cherkessk"]
[Site "Cherkessk"]
[Date "2007.05.??"]
[Round "5"]
[White "Brineva, Elena G"]
[Black "Iljin, Timofey"]
[Result "0-1"]
[WhiteElo "2064"]
[BlackElo "2353"]
[PlyCount "73"]
[EventDate "2007.05.17"]
[EventType "swiss"]
[EventRounds "11"]
[EventCountry "RUS"]
[EventCategory "1"]
[SourceTitle "EXT 2008"]
[Source "ChessBase"]
[SourceDate "2007.11.25"]
[SourceVersion "1"]
[SourceVersionDate "2007.11.25"]
[SourceQuality "1"]

1. c4 e5 2. Nc3 Bb4 3. g3 Bxc3 4. bxc3 d6 5. Bg2 Ne7 6. d4 0-0 7. e4 Nbc6 8. Ba3 f5 9. d5 Na5 10. c5 Nc4 11. cxd6 cxd6 12. Qb3 Nxa3 13. Qxa3 fxe4 14. Bxe4 Qb6 15. Nf3 Bf5 16. Nd2 Bh3 17. 0-0-0 Rac8 18. f3 Bd7 19. Nb1 Rc5 20. Rd2 Ra5 21. Qb3 Rb5 22. Qc2 h6 23. h4 Rc8 24. g4 Qe3 25. Qd3 Qf4 26. Re1 Rbc5 27. Qe3 Qf7 28. g5 Nf5 29. Qf2 h5 30. f4 g6 31. fxe5 dxe5 32. Bxf5 Bxf5 33. Rxe5 Qc7 34. Re3 Rb5 35. Rb2 Rxd5 36. Qe1 Qf4 37. Rd2 0-1

[Event "Cherkessk"]
[Site "Cherkessk"]
[Date "2007.05.??"]
[Round "8"]
[White "Erendzhenov, Stanislav"]
[Black "Brineva, Elena G"]
[Result "1-0"]
[WhiteElo "2387"]
[BlackElo "2068"]
[PlyCount "56"]
[EventDate "2007.05.17"]
[EventType "swiss"]
[EventRounds "11"]
[EventCountry "RUS"]
[EventCategory "1"]
[SourceTitle "EXT 2008"]
[Source "ChessBase"]
[SourceDate "2007.11.25"]
[SourceVersion "1"]
[SourceVersionDate "2007.11.25"]
[SourceQuality "1"]

1. e4 c5 2. Nf3 e6 3. d4 cxd4 4. Nxd4 Nf6 5. Nc3 d6 6. Bc4 a6 7. Bb3 Qc7 8. Be3 b5 9. a3 Nc6 10. Qe2 Na5 11. f4 Nxb3 12. cxb3 Bb7 13. Rc1 Qd7 14. Bf2 Rc8 15. Rd1 Qc7 16. 0-0 Be7 17. Rd3 g6 18. Rh3 e5 19. fxe5 dxe5 20. Nc2 Qc6 21. Bh4 Bc5+ 22. Kh1 Nxe4 23. Rhf3 h5 24. a4 b4 25. Nd1 Be7 26. Bxe7 Qxc2 27. Qxc2 Rxc2 28. Bxb4 f5 1-0

[Event "Cherkessk"]
[Site "Cherkessk"]
[Date "2007.05.??"]
[Round "4"]
[White "Vastrukhin, Oleg"]
[Black "Brineva, Elena G"]
[Result "1-0"]
[WhiteElo "2191"]
[BlackElo "2084"]
[PlyCount "44"]
[EventDate "2007.05.17"]
[EventType "swiss"]
[EventRounds "11"]
[EventCountry "RUS"]
[EventCategory "1"]
[SourceTitle "EXT 2008"]
[Source "ChessBase"]
[SourceDate "2007.11.25"]
[SourceVersion "1"]
[SourceVersionDate "2007.11.25"]
[SourceQuality "1"]

1. e4 c5 2. Nc3 Nc6 3. Nge2 d6 4. d3 g6 5. Be3 Nf6 6. h3 Bg7 7. g4 h6 8. Bg2 Qa5 9. Qd2 Bd7 10. 0-0 g5 11. Nd5 Qxd2 12. Bxd2 Nxd5 13. exd5 Nd4 14. Nxd4 Bxd4 15. Rfe1 f5 16. c3 Be5 17. Rxe5 dxe5 18. gxf5 Bxf5 19. Re1 Bxd3 20. Rxe5 Rd8 21. f4 gxf4 22. Bxf4 c4 1-0

[Event "Anapa-A"]
[Site "Anapa"]
[Date "2006.09.??"]
[Round "?"]
[White "Demchenko, Anton"]
[Black "Brineva, Elena G"]
[Result "1-0"]
[WhiteElo "2421"]
[BlackElo "2093"]
[PlyCount "105"]
[EventDate "2006.09.??"]
[EventType "tourn"]
[EventRounds "11"]
[EventCountry "RUS"]
[EventCategory "1"]
[SourceTitle "EXT 2010"]
[Source "ChessBase"]
[SourceDate "2010.11.25"]
[SourceVersion "1"]
[SourceVersionDate "2010.11.25"]
[SourceQuality "1"]

1. e4 c5 2. Nf3 e6 3. Nc3 d6 4. d4 cxd4 5. Nxd4 Nc6 6. Be3 Nf6 7. Qd2 Be7 8. f3 Bd7 9. 0-0-0 a6 10. g4 Qc7 11. Kb1 b5 12. Ndxb5 axb5 13. Nxb5 Qa5 14. Qxa5 Rxa5 15. Bb6 Rxb5 16. Bxb5 Ne5 17. Be2 0-0 18. Be3 Bc6 19. Rhf1 Rb8 20. c4 h6 21. Bf4 Nfd7 22. Rd2 g5 23. Bg3 f6 24. h4 Nc5 25. b3 Bxe4+ 26. fxe4 Nxe4 27. Be1 Nxd2+ 28. Bxd2 Nc6 29. Bc3 Kg7 30. Kb2 d5 31. cxd5 exd5 32. hxg5 hxg5 33. Rd1 Rd8 34. Kb1 d4 35. Bb2 f5 36. Bb5 Ne5 37. gxf5 Bc5 38. b4 Ba7 39. a4 Kf6 40. Bf1 Kxf5 41. b5 Bb6 42. Kc2 Ng4 43. Bd3+ Kf4 44. Rf1+ Kg3 45. Kb3 Kg2 46. Rf5 Rg8 47. Kb4 Ne3 48. Be4+ Kg1 49. Rf6 Bd8 50. Re6 g4 51. Bxd4 Bg5 52. Bh7 Rg7 53. Bxg7 1-0

[Event "Poltavskaya"]
[Site "Poltavskaya"]
[Date "2005.01.??"]
[Round "?"]
[White "Brineva, Elena G"]
[Black "Maiorov, Oleg Ivanovich"]
[Result "0-1"]
[WhiteElo "2164"]
[BlackElo "2469"]
[PlyCount "62"]
[EventDate "2005.01.??"]
[EventType "tourn"]
[EventRounds "13"]
[EventCountry "RUS"]
[SourceTitle "EXT 2006"]
[Source "ChessBase"]
[SourceDate "2005.11.24"]
[SourceVersion "1"]
[SourceVersionDate "2005.11.24"]
[SourceQuality "1"]

1. c4 e5 2. g3 Nc6 3. Bg2 d6 4. e4 Be6 5. d3 Qd7 6. Nc3 g6 7. Nd5 Nd4 8. Be3 Bg7 9. h3 c6 10. Nc3 Ne7 11. Qd2 0-0 12. Nce2 Nxe2 13. Nxe2 d5 14. cxd5 cxd5 15. Bh6 Bxh6 16. Qxh6 Qb5 17. h4 Qxb2 18. Rd1 dxe4 19. Bxe4 Nf5 20. Bxf5 Bxf5 21. h5 Rfc8 22. f3 Rc2 23. Rh2 Rd8 24. Qg5 Qb6 25. g4 Bxd3 26. hxg6 f6 27. gxh7+ Kh8 28. Qh6 Rxe2+ 29. Rxe2 Qg1+ 30. Kd2 Bxe2+ 31. Kc3 Qc5+ 0-1